Leyes i decretos expedidos por el Congreso Constitucional de la Nueva Granada en el año de 1848
Guardat en:
| Format: | Llibre |
|---|---|
| Idioma: | espanyol |
| Publicat: |
Bogotá
Caicedo i Cía
1848
|
| Matèries: | |
| Etiquetes: |
Afegir etiqueta
Sense etiquetes, Sigues el primer a etiquetar aquest registre!
|
MARC
| LEADER | 00000nam a2200000 a 4500 | ||
|---|---|---|---|
| 001 | UCR1426 | ||
| 003 | CL-VaPUC | ||
| 008 | 971219e18480000CK |||||||||||||||||spa|d | ||
| 082 | 0 | 4 | |a 346.986 |b LEY |2 21 |
| 245 | 1 | 0 | |a Leyes i decretos expedidos por el Congreso Constitucional de la Nueva Granada en el año de 1848 |
| 300 | |a 144 p | ||
| 942 | |c BK | ||
| 945 | |d 19971219 00:00:00 |a cmena | ||
| 260 | |a Bogotá |b Caicedo i Cía |c 1848 | ||
| 650 | 7 | |a DERECHO COLOMBIANO |2 CL-VaPUC |9 385468 | |
| 650 | 0 | |a Derecho Indiano |9 256266 | |
| 650 | 0 | |a Código civil |9 256135 | |
| 650 | 0 | |a Administración pública |9 255343 | |
| 650 | 0 | |a Jueces |9 256162 | |
| 650 | 0 | |a Constituciones |9 255417 | |
| 650 | 0 | |a Poder político |9 255509 | |
| 650 | 7 | |a LEGISLACION |2 CL-VaPUC |9 398499 | |
| 650 | 0 | |a Jurisprudencia |9 255952 | |
| 651 | 0 | |a Colombia |9 256424 | |
| 651 | 7 | |a NUEVA GRANADA |2 CL-VaPUC |9 394336 | |
| 583 | |a last modification |c 19971219 00:00:00 |k Rodrigo Vera | ||
| 999 | |c 264828 |d 264826 | ||
| 952 | |0 0 |1 0 |4 0 |6 346_986000000000000_LEY_1848 |7 0 |8 DER_HDC |9 295338 |a BIBDER |b BIBDER |d 2019-11-20 |i 1922750 |o 346.986 LEY 1848 |p 1922750 |r 2023-01-25 |w 2019-11-20 |x Ubicación 4to Piso |y BK_X |z Estos recursos deben solicitarse con anticipación |k DER | ||